<?xml version="1.0" encoding="UTF-8"?>
<record
    xmlns:xsi="http://www.w3.org/2001/XMLSchema-instance"
    xsi:schemaLocation="http://www.loc.gov/MARC21/slim http://www.loc.gov/standards/marcxml/schema/MARC21slim.xsd"
    xmlns="http://www.loc.gov/MARC21/slim">

  <leader>00851nam#a22002775a#4500</leader>
  <controlfield tag="001">1257</controlfield>
  <controlfield tag="008">100607s1952####ag#####f######001#0#spa#d</controlfield>
  <datafield tag="245" ind1="1" ind2="3">
    <subfield code="a">La nueva gen&#xE9;tica :</subfield>
    <subfield code="b">variabilidad controlada de la herencia /</subfield>
    <subfield code="c">Alan G. Morton ; traducido por Enrique Mathov y Vera Winitzky.</subfield>
  </datafield>
  <datafield tag="250" ind1=" " ind2=" ">
    <subfield code="a">1&#xAA; ed.</subfield>
  </datafield>
  <datafield tag="260" ind1=" " ind2=" ">
    <subfield code="a">Buenos Aires :</subfield>
    <subfield code="b">Ediciones del p&#xF3;rtico,</subfield>
    <subfield code="c">1952.</subfield>
  </datafield>
  <datafield tag="300" ind1=" " ind2=" ">
    <subfield code="a">238 p. ;</subfield>
    <subfield code="c">18 p.</subfield>
  </datafield>
  <datafield tag="490" ind1="0" ind2=" ">
    <subfield code="a">Nueva Biolog&#xED;a</subfield>
  </datafield>
  <datafield tag="500" ind1=" " ind2=" ">
    <subfield code="a">Incluye n&#xF3;mina de t&#xE9;rminos cient&#xED;ficos utilizados.</subfield>
  </datafield>
  <datafield tag="100" ind1="1" ind2=" ">
    <subfield code="a">Morton, Alan G.</subfield>
  </datafield>
  <datafield tag="700" ind1="1" ind2=" ">
    <subfield code="a">Mathov, Enrique,</subfield>
    <subfield code="e">traductor.</subfield>
    <subfield code="4">trl</subfield>
  </datafield>
  <datafield tag="700" ind1="1" ind2=" ">
    <subfield code="a">Winitzky, Vera,</subfield>
    <subfield code="e">traductor.</subfield>
    <subfield code="4">trl</subfield>
  </datafield>
  <datafield tag="080" ind1=" " ind2=" ">
    <subfield code="a">575</subfield>
  </datafield>
  <datafield tag="084" ind1=" " ind2=" ">
    <subfield code="a">M79</subfield>
  </datafield>
  <datafield tag="653" ind1=" " ind2=" ">
    <subfield code="a">Gen&#xE9;tica</subfield>
  </datafield>
  <datafield tag="653" ind1=" " ind2=" ">
    <subfield code="a">Herencia</subfield>
  </datafield>
  <datafield tag="653" ind1=" " ind2=" ">
    <subfield code="a">H&#xED;bridos vegetativos</subfield>
  </datafield>
  <datafield tag="040" ind1=" " ind2=" ">
    <subfield code="a">AR-ClEAG</subfield>
    <subfield code="c">AR-ClEAG</subfield>
  </datafield>
  <controlfield tag="005">20241107184702.0</controlfield>
  <controlfield tag="003">AR-ClEAG</controlfield>
  <datafield tag="942" ind1=" " ind2=" ">
    <subfield code="c">BK</subfield>
  </datafield>
  <datafield tag="999" ind1=" " ind2=" ">
    <subfield code="c">1257</subfield>
    <subfield code="d">1257</subfield>
  </datafield>
  <datafield tag="980" ind1=" " ind2=" ">
    <subfield code="6">2</subfield>
    <subfield code="a">Evangelina Gallicchio</subfield>
    <subfield code="8">2</subfield>
    <subfield code="g">Evangelina Gallicchio</subfield>
  </datafield>
  <datafield tag="952" ind1=" " ind2=" ">
    <subfield code="0">0</subfield>
    <subfield code="1">0</subfield>
    <subfield code="2">udc</subfield>
    <subfield code="4">0</subfield>
    <subfield code="7">0</subfield>
    <subfield code="a">EAC</subfield>
    <subfield code="b">EAC</subfield>
    <subfield code="c">Zoolog&#xED;a y Gen&#xE9;tica</subfield>
    <subfield code="d">2024-11-07</subfield>
    <subfield code="i">934</subfield>
    <subfield code="l">0</subfield>
    <subfield code="o">R10 575 M79 Ej.1</subfield>
    <subfield code="p">934</subfield>
    <subfield code="r">2024-11-07 18:47:02</subfield>
    <subfield code="w">2024-11-07</subfield>
    <subfield code="y">BK</subfield>
  </datafield>
</record>
